000 01161nam a2200349 a 4500
001 000109592
003 CHAP
005 20221025110741.0
008 140513s2014 mx sm |||||||spa d
010 _a106054
011 _a107026
040 _cCHAP
090 _aTesis
100 1 _aVilla Villa, Isael
_9127049
245 1 0 _aProducción,clasificación y empaque de jitomate(Lycopersicum esculentum,Mill.) /
_h[En línea]
_cpor Isael Villa Villa.
260 _aChapingo, Méx. :
_bEl autor.
_c2014
500 _aPara ver el contenido del material haga clic en la liga
502 _aTesis (Ing. Agr. Esp. en Fitotecnia) -- UACH. Departamento de Fitotecnia
590 _aBATCH-UPD
_b10
_c20141002
590 _aE11695DGD
_b10
_c20140526
590 _aE11695DGD
_b10
_c20140526
590 _aE5765TAJ
_b05
_c20140513
590 _aE5765TAJ
_b05
_c20140513
590 _aE5765TAJ
_b05
_c20140514
650 _aEmpaque
_936540
650 _aTomate
_xMercadeo
_9113738
650 1 4 _aTomate
_xProducción.
_9125346
856 _aFinding aid
_uhttp://10.13.5.2/tesis/sist109592.pdf
_zTeclea aquí
901 _aBK
942 _cTESIS
_2ddc
942 _n0
_2ddc
999 _c106054
_d106054